<?xml version="1.0" encoding="UTF-8"?>
<record
    xmlns:xsi="http://www.w3.org/2001/XMLSchema-instance"
    xsi:schemaLocation="http://www.loc.gov/MARC21/slim http://www.loc.gov/standards/marcxml/schema/MARC21slim.xsd"
    xmlns="http://www.loc.gov/MARC21/slim">

  <leader>00178nas a2200085Ia 4500</leader>
  <datafield tag="245" ind1=" " ind2=" ">
    <subfield code="a">Indian Journal of Clinical  Psychology</subfield>
  </datafield>
  <datafield tag="260" ind1=" " ind2=" ">
    <subfield code="c">2012</subfield>
  </datafield>
  <datafield tag="310" ind1=" " ind2=" ">
    <subfield code="a">Quaterly</subfield>
  </datafield>
  <datafield tag="942" ind1=" " ind2=" ">
    <subfield code="2">ddc</subfield>
    <subfield code="c">LJ</subfield>
  </datafield>
  <datafield tag="952" ind1=" " ind2=" ">
    <subfield code="0">0</subfield>
    <subfield code="1">0</subfield>
    <subfield code="2">ddc</subfield>
    <subfield code="4">0</subfield>
    <subfield code="7">0</subfield>
    <subfield code="a">FM</subfield>
    <subfield code="b">FM</subfield>
    <subfield code="c">REF</subfield>
    <subfield code="d">2011-06-11</subfield>
    <subfield code="e">IBH JOUNALS SERVICE</subfield>
    <subfield code="f">Rs</subfield>
    <subfield code="g">1500.00</subfield>
    <subfield code="h">Vol. 39, Issue 1 (March, 2012)</subfield>
    <subfield code="i">SGTU</subfield>
    <subfield code="l">0</subfield>
    <subfield code="p">JM880</subfield>
    <subfield code="r">2015-02-09 00:00:00</subfield>
    <subfield code="w">2012-01-12</subfield>
    <subfield code="y">LJ</subfield>
    <subfield code="k">PF/190/12</subfield>
  </datafield>
  <datafield tag="952" ind1=" " ind2=" ">
    <subfield code="0">0</subfield>
    <subfield code="1">0</subfield>
    <subfield code="2">ddc</subfield>
    <subfield code="4">0</subfield>
    <subfield code="7">0</subfield>
    <subfield code="a">FM</subfield>
    <subfield code="b">FM</subfield>
    <subfield code="c">REF</subfield>
    <subfield code="d">2011-06-11</subfield>
    <subfield code="e">IBH JOUNALS SERVICE</subfield>
    <subfield code="f">Rs</subfield>
    <subfield code="g">1500.00</subfield>
    <subfield code="h">Vol. 39, Issue 2 (September, 2012)</subfield>
    <subfield code="i">SGTU</subfield>
    <subfield code="l">0</subfield>
    <subfield code="p">JM975</subfield>
    <subfield code="r">2015-02-09 00:00:00</subfield>
    <subfield code="w">2012-01-12</subfield>
    <subfield code="y">LJ</subfield>
    <subfield code="k">PF/190/12</subfield>
  </datafield>
  <datafield tag="952" ind1=" " ind2=" ">
    <subfield code="0">0</subfield>
    <subfield code="1">0</subfield>
    <subfield code="2">ddc</subfield>
    <subfield code="4">0</subfield>
    <subfield code="7">0</subfield>
    <subfield code="a">FM</subfield>
    <subfield code="b">FM</subfield>
    <subfield code="c">REF</subfield>
    <subfield code="d">2015-12-18</subfield>
    <subfield code="g">1500.00</subfield>
    <subfield code="h">Vol. 42, Issue -1 (MARCH- 2015)</subfield>
    <subfield code="i">SGTU</subfield>
    <subfield code="l">0</subfield>
    <subfield code="r">2015-12-18 00:00:00</subfield>
    <subfield code="w">2015-03-19</subfield>
    <subfield code="y">LJ</subfield>
    <subfield code="k">ISS/SGT/15/02</subfield>
  </datafield>
  <datafield tag="952" ind1=" " ind2=" ">
    <subfield code="0">0</subfield>
    <subfield code="1">0</subfield>
    <subfield code="2">ddc</subfield>
    <subfield code="4">0</subfield>
    <subfield code="7">0</subfield>
    <subfield code="a">FM</subfield>
    <subfield code="b">FM</subfield>
    <subfield code="c">REF</subfield>
    <subfield code="d">2016-02-25</subfield>
    <subfield code="h">Vol. 42, Issue -2 (SEPTEMBER- 2015)</subfield>
    <subfield code="i">SGTU</subfield>
    <subfield code="l">0</subfield>
    <subfield code="r">2016-02-25 00:00:00</subfield>
    <subfield code="w">2016-02-25</subfield>
    <subfield code="y">LJ</subfield>
  </datafield>
  <datafield tag="952" ind1=" " ind2=" ">
    <subfield code="0">0</subfield>
    <subfield code="1">0</subfield>
    <subfield code="2">ddc</subfield>
    <subfield code="4">0</subfield>
    <subfield code="7">0</subfield>
    <subfield code="a">FM</subfield>
    <subfield code="b">FM</subfield>
    <subfield code="c">REF</subfield>
    <subfield code="d">2017-03-03</subfield>
    <subfield code="h">Vol. 43, Issue -2 (SEPTEMBER- 2016)</subfield>
    <subfield code="i">SGTU</subfield>
    <subfield code="l">0</subfield>
    <subfield code="r">2017-03-03 00:00:00</subfield>
    <subfield code="w">2017-03-03</subfield>
    <subfield code="y">LJ</subfield>
  </datafield>
  <datafield tag="999" ind1=" " ind2=" ">
    <subfield code="c">6229</subfield>
    <subfield code="d">6229</subfield>
  </datafield>
</record>
